[Event "London"]
[Site "Chess Classic 2"]
[Date "2010.12.08"]
[Round "1"]
[White "Adams, Michael"]
[Black "Howell, David"]
[Result "1-0"]
[WhiteElo "2723"]
[BlackElo "2611"]
[Annotator "JvR"]
[PlyCount "55"]
[EventDate "2010.12.08"]
[SourceDate "1999.07.01"]

{London Chess Classics number two was played from 8 until 15 xii 2010. The
prize fund increased to 145,000 euro. Top British players encountered famous
foreigners.} 1. e4 e5 2. Nf3 Nc6 3. Bb5 Nf6 4. O-O Nxe4 5. d4 Be7 6. Qe2 Nd6 7.
Bxc6 bxc6 8. dxe5 Nb7 9. c4 O-O 10. Nc3 f6 11. Re1 fxe5 12. Qxe5 Bf6 13. Qg3 $5
{Adams makes a new move in the Berlin Defence.} (13. Qh5 g6 14. Qh6 Bg7 15. Qh3
d5 16. Qg3 {drew in Ehlvest - Marciano, France 1992.}) 13... Nc5 14. Bg5 Nd3 $6
({Better is} 14... d6) 15. Re3 $1 (15. Re2 Bxg5 16. Qxg5 Qxg5 17. Nxg5 {draws.}
) 15... Nxb2 $6 (15... Bxg5 16. Nxg5 Nf4 17. Rae1 d6 {defends properly.}) 16.
Rae1 $1 Bxg5 $2 (16... Ba6 $1 17. Ne4 {(Adams)} Bxg5 18. Nexg5 Qf6 {
avoids a disaster.}) 17. Nxg5 {He threatens 18.Re7.} Qf6 18. Rf3 $1 Qd8 19.
Nce4 Ba6 20. Nxh7 $1 {Mickey selects the elegant way.} Rxf3 $5 21. gxf3 Kxh7
22. Ng5+ Kg8 23. Qh4 Bxc4 24. Qh7+ Kf8 25. Re5 Be6 26. Qh8+ Ke7 27. Qxg7+ Kd6
28. Ne4# {Adams attacked forcefully.} 1-0

[Event "London"]
[Site "Chess Classic 2"]
[Date "2010.12.08"]
[Round "1"]
[White "McShane, Luke"]
[Black "Carlsen, Magnus"]
[Result "1-0"]
[WhiteElo "2645"]
[BlackElo "2802"]
[Annotator "JvR"]
[PlyCount "77"]
[EventDate "2010.12.08"]
[SourceDate "1999.07.01"]

1. c4 c5 2. g3 g6 3. Bg2 Bg7 4. Nc3 Nc6 5. Nf3 d6 6. O-O Nh6 7. d4 cxd4 8. Bxh6
Bxh6 9. Nxd4 Ne5 $5 ({Usual is} 9... Bd7) 10. Qb3 O-O 11. Rfd1 Nd7 12. Qa3 a5
13. b4 Ra6 $5 14. b5 Ra8 15. e3 a4 16. Rab1 Bg7 17. Ne4 Qb6 18. Nc6 $1 {
White has the initiative.} Re8 ({The alternative is} 18... bxc6 $5 19. bxc6 Qa5
20. cxd7 Bxd7) 19. Nb4 f5 $5 20. Nc3 $5 Qc5 $2 ({Correct is} 20... Qa5) 21.
Nxa4 $1 Qa7 22. Na6 $1 {McShane shows tactical wit.} bxa6 23. b6 Nxb6 24. Rxb6
Rb8 25. c5 $1 Be6 (25... dxc5 $6 26. Qb3+ $1 c4 27. Qxc4+ Kh8 28. Qf7 $1 Rf8
29. Rxb8 Rxf7 30. Rxc8+ Bf8 31. Nc5 {wins for White (Saunders).}) 26. Rdb1 $5
dxc5 $5 (26... Qc7 27. c6 $1 Rxb6 28. Nxb6 Rb8 29. Qxa6 Bc8 30. Qb5 Kf7 {
offers more resistance.}) 27. Rb7 Rxb7 28. Rxb7 Qa8 29. Nxc5 $1 Qc8 30. Qxa6 {
White has gained a pawn.} Bf7 31. Bc6 Rd8 32. Nd7 $1 Rxd7 33. Bxd7 Qc1+ 34. Qf1
Qxf1+ 35. Kxf1 Bc4+ 36. Kg1 Bxa2 37. Ba4 e5 38. f3 Bh6 39. Bb3+ {
McShane scored a sensational win.} 1-0

[Event "London"]
[Site "Chess Classic 2"]
[Date "2010.12.08"]
[Round "1"]
[White "Short, Nigel"]
[Black "Kramnik, Vladimir"]
[Result "0-1"]
[WhiteElo "2680"]
[BlackElo "2791"]
[Annotator "JvR"]
[PlyCount "76"]
[EventDate "2010.12.08"]
[SourceDate "1999.07.01"]

1. e4 e5 2. Bc4 Nf6 3. Qe2 Bc5 4. d3 O-O 5. Bg5 c6 $5 6. Nd2 h6 7. Bh4 Re8 8.
Ngf3 Bf8 $5 9. a4 d5 $1 10. Bxf6 gxf6 11. Ba2 f5 {Black has the initiative.}
12. O-O Na6 13. Rfe1 Bg7 14. c3 Be6 15. exd5 Bxd5 16. Bxd5 cxd5 {
He occupies the centre.} 17. g3 $6 {White weakens the kingside.} Bf6 $5 18. Qe3
Kh7 19. Nb3 Qd7 20. Nc5 Nxc5 21. Qxc5 a6 22. Re2 Re6 23. Rae1 Rae8 24. c4 $6 ({
Slightly better is} 24. a5 Qc6 25. d4) 24... b6 $1 25. Qb4 d4 $5 26. Qb3 $6 ({
More active is} 26. a5 e4 27. Nd2) 26... e4 $1 27. Nd2 e3 $1 {
The attack starts.} 28. fxe3 dxe3 29. Nf3 f4 $1 30. d4 $5 ({The pointe is} 30.
gxf4 $2 Bd4 $1 31. Qd1 Rg6+ 32. Kh1 Qc6 33. Rf1 Rg4 {and Black wins.}) 30...
Re4 $5 31. Qxb6 Bxd4 32. Qxa6 $6 fxg3 $1 33. Qb5 Qg4 34. Nxd4 gxh2+ 35. Kh1
Rxd4 36. Qb7 Qf5 37. Rxh2 e2 38. Qg2 Rd1 {Short played passively.} 0-1

[Event "London"]
[Site "Chess Classic 2"]
[Date "2010.12.09"]
[Round "2"]
[White "Carlsen, Magnus"]
[Black "Adams, Michael"]
[Result "1-0"]
[WhiteElo "2802"]
[BlackElo "2723"]
[Annotator "JvR"]
[PlyCount "97"]
[EventDate "2010.12.08"]
[SourceDate "1999.07.01"]

1. c4 Nf6 2. Nc3 e5 3. Nf3 Nc6 4. g3 Bc5 5. Bg2 d6 6. O-O O-O 7. d3 a6 8. a3
Ba7 9. b4 Be6 10. Nd2 $5 Rb8 11. Rb1 Ne7 12. a4 Qd7 13. b5 Bh3 14. Ba3 h6 15.
e3 Bxg2 16. Kxg2 Bc5 17. Bxc5 dxc5 18. Nf3 Qe6 19. e4 c6 20. Qb3 Rbd8 21. bxa6
bxa6 22. Qc2 {The chances are equal.} Ng6 23. Ng1 Rb8 24. a5 Nd7 25. Na4 Qd6
26. Ne2 Qc7 27. Qc3 Rfd8 28. Rxb8 Rxb8 29. f4 exf4 $5 30. gxf4 Qd6 31. Kh1 Rb4
32. Qc2 Nh4 $5 33. Nac3 Qg6 34. Ng3 Nf6 $5 35. e5 $1 Nh5 $5 36. Nxh5 Qxh5 37.
Ne4 Kh8 $2 ({Better is} 37... Qf5 $1 38. Qf2 Qh3) 38. Qf2 $1 Nf5 39. Nxc5 $1 {
White has gained a pawn.} Qh3 40. Re1 Nh4 $6 41. Qg3 Qxg3 42. hxg3 Nf3 43. Rf1
Nd4 44. Kg2 Ne6 45. Nxa6 Ra4 46. f5 Ng5 47. Nc7 Kg8 ({The pointe is} 47... Rxa5
48. e6 $1 fxe6 49. fxe6 Re5 50. d4 $1 {and White wins (Saunders).}) 48. a6 Kf8
49. Kf2 {Carlsen grabbed a pawn.} 1-0

[Event "London"]
[Site "Chess Classic 2"]
[Date "2010.12.09"]
[Round "2"]
[White "Kramnik, Vladimir"]
[Black "Nakamura, Hikaru"]
[Result "0-1"]
[WhiteElo "2791"]
[BlackElo "2741"]
[Annotator "JvR"]
[PlyCount "108"]
[EventDate "2010.12.08"]
[SourceDate "1999.07.01"]

1. Nf3 Nf6 2. c4 e6 3. Nc3 Bb4 4. g3 c5 5. Bg2 O-O 6. O-O d6 7. d4 Bxc3 8. bxc3
Qe7 9. dxc5 dxc5 10. Ne5 Qc7 $5 11. Bf4 Nh5 $1 12. Qd2 $2 ({Preferable is} 12.
e3 $1 Nxf4 13. exf4) 12... g5 $1 13. Bxg5 Qxe5 14. Rad1 $6 (14. f4 Qc7 15. f5
f6 16. Bh4 {counters on the kingside.}) 14... f6 15. Bh6 Ng7 16. Bf4 Qh5 17.
Bd6 Re8 18. Qf4 Nd7 $1 {White has little compensation for the piece.} 19. g4
Qf7 $5 20. Rd3 $5 e5 $1 21. Qh6 Qg6 22. Qxg6 hxg6 23. Be4 Kf7 24. f4 exf4 25.
Bd5+ Ne6 26. Bxf4 Nb6 $2 (26... Kg7 $1 27. Bxb7 Nxf4 28. Rxf4 Rb8 29. Bxc8 Ne5
30. Rd6 Rexc8 {wins for Black (Nakamura).}) 27. Be5 $1 Nxd5 28. cxd5 Nf8 29.
Rxf6+ Kg8 30. Bd6 Kg7 31. Rf4 g5 32. Rf2 b6 33. Rdf3 Ng6 34. Rf7+ Kh6 35. h3
Ba6 36. R2f6 Bxe2 37. Be7 Bc4 38. Rd6 Bxd5 39. Bxg5+ $1 Kxg5 40. Rxd5+ Kh4 41.
Rf3 $2 (41. Kg2 $1 Re2+ 42. Kf3 Re5 43. Rh7+ Kg5 44. h4+ Kf6 45. Rd6+ Re6 46.
g5+ Ke5 47. Rxe6+ Kxe6 48. h5 Ne7 49. g6 {fights for a draw.}) 41... Re5 42.
Rxe5 Nxe5 43. Rf5 Nd3 44. Kh2 Rh8 45. a4 Rh6 46. Kg2 a5 47. Kf3 Nb2 48. Kf4
Nxa4 49. c4 Nc3 50. Ke3 a4 51. Kd3 Nd1 52. Rf8 Kxh3 53. g5 Rd6+ 54. Ke4 Kg4 {
Nakamura utilised his chances.} 0-1

[Event "London"]
[Site "Chess Classic 2"]
[Date "2010.12.09"]
[Round "2"]
[White "Short, Nigel"]
[Black "McShane, Luke"]
[Result "0-1"]
[WhiteElo "2680"]
[BlackElo "2645"]
[Annotator "JvR"]
[PlyCount "104"]
[EventDate "2010.12.08"]
[SourceDate "1999.07.01"]

1. e4 c5 2. Nf3 d6 3. d4 cxd4 4. Nxd4 Nf6 5. Nc3 g6 6. Be3 Bg7 7. f3 O-O 8. Qd2
Nc6 9. g4 Be6 10. Nxe6 fxe6 11. O-O-O Rc8 12. Bc4 Qd7 13. Bb3 Na5 14. h4 Nc4
15. Qd3 Qc6 $5 16. Ne2 Nd7 17. Nd4 Qa6 18. f4 $1 e5 19. fxe5 Ndxe5 20. Qe2 Kh8
21. h5 $1 gxh5 $2 (21... g5 $1 {stops the mate attack.}) 22. g5 $2 {
Both players lacked time.} ({Right is} 22. Rxh5 $1 Nxe3 23. Qh2 $3 {
and White wins (Saunders).}) 22... Ng4 $1 23. Bg1 Nce3 $1 24. Qxa6 bxa6 25.
Bxe3 Nxe3 26. Rd3 Bxd4 27. Rxd4 Rc5 $1 28. Rd3 $2 (28. Rxh5 Rf1+ 29. Kd2 Nxc2
30. Rc4 {equalises in the endgame.}) 28... Ng2 $1 29. Rg3 Nf4 30. Kd2 Re5 31.
Re1 Kg7 32. Ke3 Kg6 33. c3 Rxg5 34. Rxg5+ Kxg5 35. Rg1+ Kh6 36. e5 dxe5 {
Black has three doubled pawns.} 37. Ke4 Ng6 38. Bc4 a5 39. Kd5 Rf2 40. b4 axb4
41. cxb4 h4 42. a4 h3 43. a5 h2 44. Rh1 Kg5 45. b5 Kg4 46. b6 axb6 47. a6 Kg3
48. a7 Rf8 $1 49. Kc6 Nf4 50. Ra1 e4 51. Ba6 Nh3 52. Bb7 Ng1 {
Luke McShane led by two wins!} 0-1

[Event "London"]
[Site "Chess Classic 2"]
[Date "2010.12.10"]
[Round "3"]
[White "Anand, Viswanathan"]
[Black "Carlsen, Magnus"]
[Result "1-0"]
[WhiteElo "2804"]
[BlackElo "2802"]
[Annotator "JvR"]
[PlyCount "153"]
[EventDate "2010.12.08"]
[SourceDate "1999.07.01"]

1. e4 e5 2. Nf3 Nc6 3. Bb5 a6 4. Ba4 Nf6 5. O-O Be7 6. Re1 b5 7. Bb3 d6 8. c3
O-O 9. h3 Nb8 10. d4 Nbd7 11. Nbd2 Bb7 12. Bc2 Re8 13. a4 Bf8 14. Bd3 c6 15. b4
Rc8 16. axb5 $5 cxb5 $1 17. Bb2 d5 $1 {Carlsen counters immediately.} 18. exd5
exd4 19. Rxe8 Qxe8 20. c4 $1 bxc4 21. Nxc4 $6 {The bishop should have captured.
} Nxd5 22. Nxd4 Nxb4 {White has given a pawn for the initiative.} 23. Nf5 $1
Nxd3 24. Qxd3 Be4 $2 (24... Rc5 $1 25. Nfd6 Qe6 $1 26. Nxb7 Rxc4 27. Nd8 Nc5
28. Nxe6 Nxd3 29. Nxf8 Kxf8 {leads to a better endgame.}) 25. Qd4 $1 Bxf5 $6
26. Nd6 Qd8 27. Nxf5 f6 $5 28. Rd1 Rc2 $5 (28... Rc7 29. Qd5+ Kh8 30. Qf7 a5
31. Ba3 a4 32. Bd6 $1 {wins for White (Anand).}) 29. Nh6+ $1 gxh6 30. Qg4+ Bg7
31. Qe6+ Kh8 32. Rxd7 Qf8 33. Ba3 $2 (33. Rf7 $1 Qc8 34. Qe7 Rxb2 35. Rxg7 {
wins quickly.}) 33... Qg8 34. Qxa6 Qe8 $5 35. Qa7 Qg8 36. Be7 $5 Rc8 37. Qa6
Qe8 38. Ra7 Kg8 $1 39. Qe6+ Kh8 40. Qa6 Kg8 {
White has an advantage after the time control.} 41. Qe6+ Kh8 42. Kh2 Rc6 43.
Qb3 Rc8 44. Bd6 Qg6 45. Qb7 Rd8 46. Bg3 Rg8 47. h4 Qf5 48. Qc7 Qd5 49. Ra5 Qe4
50. Qd7 Qc4 51. Qf5 Qc8 52. Qf3 Qd7 53. Bf4 Qf7 54. g3 Re8 55. Be3 Rg8 56. Ra6
Re8 57. Ra7 Re7 58. Qa8+ Qf8 59. Ra6 Re8 60. Qc6 Rc8 61. Qf3 Qf7 62. Ra7 Qe6
63. Qb7 Qg8 64. Bf4 Rd8 65. Qa6 Re8 66. Rc7 Ra8 67. Qc6 Re8 68. Be3 Rb8 69. Bd4
$1 {Anand attacks pawn f6 at last.} Qf8 70. Qc3 Re8 71. Rc6 $1 Qf7 72. Bxf6 Rf8
73. Bxg7+ Qxg7 74. Qe3 Qb2 75. Kg2 Qb7 $5 (75... h5 76. Rc7 Qf6 77. Rc5 $1 Qf7
78. Rg5 Qb7+ 79. f3 Qb2+ 80. Kh3 Qf6 81. f4 Qa1 82. Qf3 {prolongs the game.})
76. Qxh6 Qf7 77. Rc2 {
The world champion had defeated the number one in the rating.} 1-0

[Event "London"]
[Site "Chess Classic 2"]
[Date "2010.12.11"]
[Round "4"]
[White "Carlsen, Magnus"]
[Black "Nakamura, Hikaru"]
[Result "1-0"]
[WhiteElo "2802"]
[BlackElo "2741"]
[Annotator "JvR"]
[PlyCount "117"]
[EventDate "2010.12.08"]
[SourceDate "1999.07.01"]

1. c4 f5 2. g3 Nf6 3. Bg2 d6 4. Nc3 g6 5. e3 Bg7 6. Nge2 O-O 7. O-O e5 8. b3
Nbd7 9. d3 c6 10. Ba3 $5 Qc7 11. Qd2 Re8 12. Rae1 Nc5 13. h3 e4 14. dxe4 Nfxe4
15. Qc2 Nxc3 16. Nxc3 Be6 17. Rd1 Rad8 18. Bb2 Bf7 19. Rd2 a5 20. Rfd1 Be5 21.
Ne2 a4 22. b4 $1 Nd7 23. Bd4 Nb6 24. Bxb6 Qxb6 25. Rb1 Qc7 26. Nd4 Rc8 27. Rc1
Qe7 $1 28. Rd3 ({The pointe is} 28. Qxa4 $2 Bxg3 $1) 28... c5 29. bxc5 Rxc5 30.
Qxa4 Rec8 31. Rb1 Rxc4 32. Qd1 b6 $5 33. Nb5 $1 R4c5 $2 ({Right is} 33... Rd8 {
and pawn d6 gets protection.}) 34. Nxd6 Bxd6 35. Rxd6 Bxa2 36. Ra1 Rc1 37. Rxc1
Rxc1 38. Rxg6+ $1 hxg6 39. Qxc1 {White has an extra pawn in the endgame.} Qd6
40. h4 Bf7 41. h5 $5 Kh7 42. hxg6+ Kxg6 43. Qc2 b5 $5 (43... Qc5 44. Qxc5 bxc5
45. Kf1 {leads to a won bishop ending.}) 44. g4 $1 Qe5 45. gxf5+ $1 {
He gains a second pawn.} Kg7 46. Qe4 Qd6 47. Qh4 Bc4 48. Bf3 Qf6 49. Qxf6+ Kxf6
50. Be4 $1 Ba2 51. f4 b4 52. Kf2 b3 53. Bd5 $1 {
A pawn sacrifice decides in the ending.} Kxf5 54. Kf3 Kf6 55. e4 Kg6 56. Ke3
Kh5 57. Kd4 Kg4 58. f5 Kg5 59. Ke5 {Carlsen had won and lost two games.} 1-0

[Event "London"]
[Site "Chess Classic 2"]
[Date "2010.12.11"]
[Round "4"]
[White "Kramnik, Vladimir"]
[Black "Howell, David"]
[Result "1-0"]
[WhiteElo "2791"]
[BlackElo "2611"]
[Annotator "JvR"]
[PlyCount "83"]
[EventDate "2010.12.08"]
[SourceDate "1999.07.01"]

1. d4 Nf6 2. c4 g6 3. Nc3 d5 4. cxd5 Nxd5 5. e4 Nxc3 6. bxc3 Bg7 7. Be3 c5 8.
Rc1 Qa5 9. Qd2 O-O 10. Nf3 Rd8 11. d5 e6 12. Bg5 f6 13. Be3 exd5 14. exd5 Na6
$5 ({Theory is} 14... Nc6) 15. Be2 Be6 16. c4 Qxd2+ 17. Nxd2 $1 Bd7 18. Ne4 {
White controls more territory.} b6 19. h4 Bf5 20. Nc3 Nb4 21. Kd2 Nc6 22. h5 $1
Kf7 $6 ({Preferable is} 22... Ne5 23. hxg6 hxg6 24. f3 g5) 23. g4 $1 Bc8 24.
hxg6+ hxg6 25. Ne4 Ba6 26. Rh7 Kg8 27. Rch1 {He exerts a lot of pressure.} Ne5
28. Kc3 $6 ({Correct is} 28. g5 fxg5 29. Bxg5) 28... Nf7 $6 (28... Rxd5 $1 29.
g5 $1 fxg5 30. cxd5 Bxe2 31. Nxg5 Bf6 $1 {leads to chances for both parties.})
29. Bd3 Ne5 30. g5 $1 fxg5 31. Bxg5 Rf8 $1 32. Be2 Nf3+ 33. Nf6+ $1 Rxf6 34.
Rxg7+ Kxg7 35. Bxf6+ Kxf6 36. Bxf3 {White has a positional advantage.} Re8 $6 (
36... Rf8 $1 37. Rh7 Rf7 38. Rxf7+ Kxf7 {almost equalises.}) 37. Rh7 Re7 38.
Rh8 Ke5 $2 ({Better is} 38... Kg7 39. Ra8 Bb7 $1) 39. Bg4 b5 $5 (39... Kd6 40.
Rg8 Re4 41. Rxg6+ Ke7 42. Re6+ Rxe6 43. dxe6 Bc8 44. Kd3 Bxe6 45. Bxe6 Kxe6 46.
Ke4 {brings a won pawn ending.}) 40. Rd8 Rf7 41. Re8+ $1 Kf4 42. Be6 $1 {
The d-pawn moves forwards.} 1-0

[Event "London"]
[Site "Chess Classic 2"]
[Date "2010.12.11"]
[Round "4"]
[White "Short, Nigel"]
[Black "Anand, Viswanathan"]
[Result "0-1"]
[WhiteElo "2680"]
[BlackElo "2804"]
[Annotator "JvR"]
[PlyCount "86"]
[EventDate "2010.12.08"]
[SourceDate "1999.07.01"]

1. e4 c5 2. Nc3 d6 3. f4 Nc6 4. Nf3 g6 5. Be2 Bg7 6. O-O Nf6 7. Qe1 O-O 8. d3
e6 9. Kh1 b6 10. Bd2 Bb7 $5 ({The alternative is} 10... Re8) 11. Qh4 Ne8 12.
Qh3 Nd4 13. Nxd4 cxd4 14. Nd1 f5 {Black takes the initiative.} 15. c4 dxc3 16.
Nxc3 Qd7 17. Rae1 Nc7 18. Bf3 Rab8 19. exf5 exf5 20. Bxb7 Rxb7 21. Qf3 d5 22.
Rf2 Rbb8 23. Rfe2 Rf7 24. a3 d4 $1 25. Nd1 Qd5 $1 26. Qg3 {
An exchange of queens favours Black.} Rff8 27. h4 Rfe8 28. h5 $1 gxh5 $6 {
He weakens the kingside.} 29. Re7 Rxe7 30. Rxe7 Ne6 31. Rxa7 $5 Kh8 $5 32. Nf2
Bf6 33. Nh3 h4 34. Qf2 h6 35. Ng5 $2 ({Preferable is} 35. Rf7 Rf8 36. Rxf8+
Nxf8) 35... Nxg5 $1 36. fxg5 hxg5 37. Bxg5 $2 ({Better is} 37. Qe2 g4 $1 38.
Bf4 Rg8 39. Kg1) 37... Bxg5 38. Qe2 Qd6 $1 {Anand refutes Short's idea.} 39.
Qh5+ Qh6 40. Qf3 Rc8 41. Qxf5 $2 Rc1+ 42. Kh2 Qd6+ 43. Kh3 Qg3# {
Anand and McShane led.} 0-1

[Event "London"]
[Site "Chess Classic 2"]
[Date "2010.12.12"]
[Round "5"]
[White "Howell, David"]
[Black "Carlsen, Magnus"]
[Result "0-1"]
[WhiteElo "2611"]
[BlackElo "2802"]
[Annotator "JvR"]
[PlyCount "110"]
[EventDate "2010.12.08"]
[SourceDate "1999.07.01"]

1. e4 c5 2. Nf3 d6 3. d4 cxd4 4. Nxd4 Nf6 5. Nc3 a6 6. h3 e6 7. g4 Be7 8. Bg2
Nfd7 9. Be3 Nc6 10. Qd2 O-O 11. O-O Nde5 12. b3 Nxd4 13. Bxd4 Ng6 14. Be3 $5
Qc7 15. Ne2 b5 16. c4 bxc4 17. Rac1 Bb7 18. Rxc4 Qd7 19. Rfc1 Rac8 20. Bb6 Rxc4
21. Rxc4 Rc8 22. Qc2 Rxc4 23. Qxc4 Qe8 24. a4 Qa8 25. f4 $5 h6 26. Bf2 Bh4 27.
Be3 Bf6 28. Qd3 Bc6 29. Ng3 Be7 30. Nh5 Bf8 31. Bf2 Qb7 32. Qc4 Ne7 33. Qd3 d5
34. e5 d4 35. Bf1 $1 Bd5 36. Qxa6 $5 Qxb3 37. Qd3 Qxa4 38. Qxd4 Qa8 39. Qa7 Qc8
40. Qc5 Nc6 41. Qc3 Qa8 {Black has little advantage.} 42. g5 $2 {
Howell commits a tactical error.} Qa4 $1 43. Qg3 $2 ({The pointe is} 43. gxh6
$6 Qe4 44. Ng3 Qxf4 45. hxg7 Bxg7) (43. Qe3 $5 Qd1 44. Qe2 Qxe2 45. Bxe2 hxg5
46. fxg5 Nxe5 {tries to survive (Saunders).}) 43... Qd1 $1 {
He attacks Nh5 and threatens ..Bc4.} 44. Nf6+ $5 gxf6 45. gxf6+ Kh8 46. Qd3
Qxd3 47. Bxd3 Nb4 48. Bb1 Ba2 49. Be4 Nd5 50. f5 Nf4 51. Kh2 exf5 52. Bxf5 Be6
53. Bg4 Bxg4 54. hxg4 Ne6 55. Kg3 Bc5 {
Carlsen, Anand and McShane joined the lead.} 0-1

[Event "London"]
[Site "Chess Classic 2"]
[Date "2010.12.12"]
[Round "5"]
[White "Nakamura, Hikaru"]
[Black "Short, Nigel"]
[Result "1-0"]
[WhiteElo "2741"]
[BlackElo "2680"]
[Annotator "JvR"]
[PlyCount "67"]
[EventDate "2010.12.08"]
[SourceDate "1999.07.01"]

1. e4 e5 2. Nf3 Nc6 3. Bb5 a6 4. Ba4 Nf6 5. O-O Be7 6. Re1 b5 7. Bb3 O-O 8. c3
d5 9. exd5 e4 {Short plays a doubtful line.} 10. dxc6 exf3 11. g3 Re8 12. d4
Bg4 13. Bg5 h6 $5 14. Bxf6 Bxf6 15. Nd2 Qd6 16. h3 $1 Bh5 17. Qc2 $1 Bg5 18.
Ne4 Qxc6 19. Nxg5 hxg5 20. Qf5 {White has a positional advantage.} Rxe1+ 21.
Rxe1 Re8 22. Re5 Rxe5 23. dxe5 $1 Bg6 $5 (23... Qg6 24. Qxg6 Bxg6 25. Bd5 {
(Saunders)} Kf8 26. Bxf3 Ke7 27. Bg4 Bb1 28. a3 Ba2 29. f4 gxf4 30. gxf4 {
also leads to a white win.}) 24. Qxg5 Qe4 25. Qd8+ Kh7 26. Qh4+ Qxh4 27. gxh4 {
He wins the bishop ending.} f6 28. exf6 gxf6 29. Bd5 a5 30. b4 axb4 31. cxb4
Bd3 32. Kh2 Bc4 33. Be4+ $1 Kh6 34. a3 $1 {Nakamura gains another pawn.} 1-0

[Event "London"]
[Site "Chess Classic 2"]
[Date "2010.12.14"]
[Round "6"]
[White "Kramnik, Vladimir"]
[Black "Carlsen, Magnus"]
[Result "1/2-1/2"]
[WhiteElo "2791"]
[BlackElo "2802"]
[Annotator "JvR"]
[PlyCount "169"]
[EventDate "2010.12.08"]
[SourceDate "1999.07.01"]

1. d4 d5 2. c4 Nc6 {Carlsen plays the Chigorin Defence.} 3. Nf3 Bg4 4. Nc3 e6
5. Bf4 Bd6 6. Bg3 Nf6 7. e3 O-O 8. a3 $5 ({An alternative is} 8. cxd5 exd5 9.
Be2) 8... Ne7 9. Qb3 b6 10. Ne5 c5 11. Nxg4 Nxg4 12. Rd1 Bxg3 13. hxg3 Nf6 14.
cxd5 exd5 15. Be2 Qd6 16. Qc2 h6 17. O-O c4 $5 18. b3 $1 Qxa3 $2 ({
Preferable is} 18... cxb3 19. Qxb3 a5) 19. bxc4 dxc4 20. Bf3 $1 Rab8 21. Ra1
Qd6 22. Nb5 Qd7 23. Qxc4 {
Kramnik has regained the pawn and achieved a positional edge.} a5 24. e4 Rfc8
25. Qe2 Rc6 26. Rab1 Rd8 27. Rfd1 Rdc8 28. d5 Rc2 29. Qe3 R2c5 30. Nd4 Re8 31.
Qd3 Qd6 32. Qa6 Rb8 33. Nb3 Rc2 34. Nd4 Rc5 35. Nb3 Rc2 36. Qd3 Rcc8 37. Nd2
Ng6 38. Be2 Qc5 39. Rb5 Qc3 40. f4 a4 $2 (40... Qxd3 41. Bxd3 Rc3 42. Nb1 Rc5
43. Rxc5 bxc5 {hinders the advance in the centre.}) 41. e5 $1 Nd7 42. Qxc3 $5
Rxc3 43. Ne4 Rc7 44. Ra1 Ra7 45. d6 $1 Ngf8 46. Nc3 Nc5 47. Nd5 Ra5 48. Rxb6
Rxb6 49. Nxb6 Nfe6 50. Bc4 Kf8 51. f5 Nd8 52. Rf1 Ncb7 53. Re1 a3 54. e6 $5
fxe6 55. fxe6 Nxd6 56. e7+ Ke8 57. exd8=R+ Kxd8 58. Rd1 Kc7 59. Ba2 Rg5 60.
Nd5+ Kc6 61. Nc3 Rc5 62. Rxd6+ $5 Kxd6 63. Ne4+ Kc6 64. Nxc5 Kxc5 65. Kf2 Kd4
66. Kf3 Kd3 67. g4 Kd2 68. Be6 Kd3 69. Kg3 $5 Ke3 70. Kh4 $2 ({Correct is} 70.
g5 $1 hxg5 71. Ba2 Ke2 72. Kg4 Kf2 73. g3 {and White wins slowly.}) 70... Kf2
71. Bd5 g6 $1 72. Kh3 g5 $1 {Carlsen has created a bastion.} 73. Kh2 Kf1 74.
Be6 Kf2 75. Bc4 Ke3 $1 76. Kg3 Kd4 77. Be6 Ke3 78. Kh2 Kf2 79. Bc4 Ke3 80. Kg1
Kf4 81. Be6 Ke5 82. Bb3 Kf4 83. Be6 Ke5 84. Bb3 Kf4 85. Be6 {
Carlsen, Anand and McShane kept the lead at the end of the penultimate round.}
1/2-1/2

[Event "London"]
[Site "Chess Classic 2"]
[Date "2010.12.15"]
[Round "7"]
[White "Carlsen, Magnus"]
[Black "Short, Nigel"]
[Result "1-0"]
[WhiteElo "2802"]
[BlackElo "2680"]
[Annotator "JvR"]
[PlyCount "79"]
[EventDate "2010.12.08"]
[SourceDate "1999.07.01"]

1. e4 e6 2. d4 d5 3. Nd2 dxe4 4. Nxe4 Nd7 5. Nf3 Be7 6. Bc4 Ngf6 7. Nxf6+ Nxf6
8. O-O O-O 9. Ne5 c5 10. dxc5 Qxd1 11. Rxd1 Bxc5 12. Be2 $5 Ne4 13. Nd3 Be7 14.
Be3 h6 $2 (14... b6 $1 15. Ne5 Bd6 16. Nc4 Bc7 17. Bf3 Bb7 {
solves the black development.}) 15. a4 $5 a5 16. g3 Rd8 17. Ne5 Nf6 18. Nc4 $5
Rxd1+ 19. Rxd1 Nd5 20. Nb6 $1 Nxe3 $1 21. fxe3 Rb8 22. Kf2 e5 $2 {
Black sacrifices a pawn for the problems of his queen's bishop.} ({
More prudent is} 22... f6 $1 23. c3 Kf7 24. Bf3 f5 {
and Black moves forwards slowly.}) 23. Rd5 $1 Be6 24. Rxa5 Rd8 25. Bd3 $1 Bf6
26. e4 Rd4 27. Rb5 g6 28. a5 Kg7 29. Ke2 Bg4+ 30. Kf2 Be6 31. Kf3 h5 32. Nd5
Bd8 33. b4 Bc8 34. Ke2 Bg4+ 35. Ke1 f5 36. Rxb7+ Kh6 37. Ne3 Bf3 38. a6 $1 fxe4
39. Be2 Bg5 40. a7 $1 {Carlsen scored the decisive win. The final standings
became: Carlsen 13, McShane and Anand 11, Kramnik and Nakamura 10, Adams 8,
Howell 4, Short 2.} 1-0

[Event "London"]
[Site "Chess Classic 3"]
[Date "2011.12.03"]
[Round "1"]
[White "Carlsen, Magnus"]
[Black "Howell, David"]
[Result "1-0"]
[WhiteElo "2826"]
[BlackElo "2633"]
[Annotator "JvR"]
[PlyCount "79"]
[EventDate "2011.12.03"]
[SourceDate "1999.07.01"]

{The third London Chess Classic was played from 3 until 12 xii 2011. Four
Englishmen encountered five foreigners.} 1. e4 e5 2. Nf3 Nc6 3. Bb5 Nf6 4. d3
Bc5 5. c3 O-O 6. O-O Re8 7. Bg5 h6 8. Bh4 Bf8 $5 ({Usual is} 8... a6) 9. Nbd2
d6 10. d4 exd4 11. Nxd4 Bd7 12. Nxc6 bxc6 13. Bd3 Be7 14. f4 Qb8 15. Bxf6 Bxf6
16. e5 $5 {Carlsen starts an adventure.} ({More solid is} 16. Qc2 Qb6+ 17. Kh1)
16... dxe5 17. Ne4 $1 Qxb2 {A second pawn falls.} 18. f5 $5 Red8 $5 19. Bc4 Be8
20. Qh5 Rd6 $6 ({Preferable is} 20... Qb6+ 21. Rf2 c5 {and Black has an edge.})
21. Rab1 Qc2 22. Qg4 Kf8 23. h3 Rad8 24. Kh2 Qa4 25. Rb4 Qa3 26. Rb7 R6d7 27.
Qf3 Qa4 28. Qe2 Re7 $2 (28... Qa3 $1 29. Qh5 Qa4 30. Qe2 Qa3 {
leads to a repetition of moves.}) 29. Nxf6 $1 gxf6 30. Qe3 Red7 ({Or} 30... Kg7
31. Rb4 Qa5 32. Rf3 {and White wins.}) 31. Qc5+ Rd6 32. Rxc7 Qc2 33. Rc8 $3
R8d7 34. Be6 $1 Ke7 35. Bxd7 Bxd7 36. Rh8 Qd3 37. Rf3 Qd5 38. Qxa7 e4 39. Qb8
$5 Qe5+ 40. Rg3 {Carlsen won an enterprising game.} 1-0